000 00718nam a2200229Ia 4500
003 OSt
005 20220925185114.0
006 a|||||r|||| 00| 0
007 ta
008 220923b |||||||| |||| 00| 0 eng d
037 _cGeneral Book
040 _aRTL
_cRTL
_beng
041 _2eng
_aeng
082 _aX71:75.252.N38---> N37, G7
110 _aUNITED PROVINEES(Govt of--)
_9261637
245 0 _aDetailed estimates and grants for the year 1937-38
260 _aAllahabad
_bSuperintendent printing and stationary
_c1937
300 _aiii,286p
_ccm.
700 _aUNITED PROVINEES(Govt of--)
_9261638
942 _hX71:75.252.N38---> N37, G7
_cGB
_2CC
999 _c509858
_d509858